000 00884nam a22002297a 4500
003 0
005 20250129105350.0
008 150928b xxu||||| |||| 00| 0 eng d
050 _aPGS QK 898.B7
_b.T693 2015
100 _aTorres, Justina Erika M.
245 _aThe effect of Ananas comosus extract to the enzymatic browning of Malus domestica /
_cJustina Erika M. Torres.
260 _aLas PiƱas City, Philippines :
_bSouthville International School and Colleges,
_c2015.
300 _a19 p. :
_bill. ;
_c28 cm.
504 _aIncludes bibliographical references.
650 _aPineapple
_vChemical composition.
650 _aEnzymatic browning
_vPrevention.
650 _aAnanas comosus
_vEnzymatic properties.
650 _aApple
_vChemical composition.
650 _aPolyphenol oxidase
_vInhibition.
650 _aPlant extracts
_vApplications in food.
942 _2lcc
_cPASS
999 _c288767
_d288767